Human rights (Record no. 711)

MARC details
000 -LEADER
fixed length control field 02615cgm a2200553Ia 4500
001 - CONTROL NUMBER
control field ocn233575939
003 - CONTROL NUMBER IDENTIFIER
control field OCoLC
005 - DATE AND TIME OF LATEST TRANSACTION
control field 20100817010122.0
007 - PHYSICAL DESCRIPTION FIXED FIELD--GENERAL INFORMATION
fixed length control field vd mvaizu
008 - FIXED-LENGTH DATA ELEMENTS--GENERAL INFORMATION
fixed length control field 080708s2007 nju042 vleng d
028 41 - PUBLISHER NUMBER
Publisher number 36177 K
Source Cambridge Educational
035 ## - SYSTEM CONTROL NUMBER
System control number (OCoLC)233575939
040 ## - CATALOGING SOURCE
Original cataloging agency UTT
Transcribing agency UTT
Modifying agency TEF
043 ## - GEOGRAPHIC AREA CODE
Geographic area code n-us---
049 ## - LOCAL HOLDINGS (OCLC)
Holding library SZTA
050 #4 - LIBRARY OF CONGRESS CALL NUMBER
Classification number KF4557
Item number .A44 2007
082 04 - DEWEY DECIMAL CLASSIFICATION NUMBER
Classification number 342.7303
Edition number 22
245 00 - TITLE STATEMENT
Title Human rights
Medium [videorecording] /
Statement of responsibility, etc produced and directed by Rhonda Fabian, Jerry Babar ; writers, Aaron Myers, Jack Phelan, Rhonda Fabian.
246 30 - VARYING FORM OF TITLE
Title proper/short title Amending the Constitution :
Remainder of title human rights
260 ## - PUBLICATION, DISTRIBUTION, ETC. (IMPRINT)
Place of publication, distribution, etc Lawrenceville, NJ :
Name of publisher, distributor, etc Cambridge Educational,
Date of publication, distribution, etc c2007.
300 ## - PHYSICAL DESCRIPTION
Extent 1 videodisc (42 min.) :
Other physical details sd., col. with b&w sequences ;
Dimensions 4 3/4 in.
440 #0 - SERIES STATEMENT/ADDED ENTRY--TITLE
Title Amendments to the Constitution : Bill of Rights and beyond
505 0# - FORMATTED CONTENTS NOTE
Formatted contents note 13th Amendment: Abolition of slavery -- 14th Amendment: Civil rights -- 16th Amendment: Federal income tax -- 18,21 Amendments: Prohibition and repeal -- 11th Amendment: Suits against states.
508 ## - CREATION/PRODUCTION CREDITS NOTE
Creation/production credits note Camera, Mark Dombrow ; editors, Johnathan M. Donley, Ron Schindlinger.
511 1# - PARTICIPANT OR PERFORMER NOTE
Participant or performer note Narrator, Gene Shay.
520 ## - SUMMARY, ETC.
Summary, etc "This chaptered DVD sets two crucial human rights-related Constitutional amendments within the context of their historical times: Amendment 13, abolishing slavery throughout the U.S., and Amendment 14, defining U.S. citizenship and stipulating due process and equal protection under the law. Four additional amendments--11, judicial powers construed; 16, federal income tax; and 18 and 21, Prohibition and its repeal--are included as well."--From container..
521 8# - TARGET AUDIENCE NOTE
Target audience note MPAA rating: Not rated.
538 ## - SYSTEM DETAILS NOTE
System details note DVD.
546 ## - LANGUAGE NOTE
Language note Closed-captioned.
610 10 - SUBJECT ADDED ENTRY--CORPORATE NAME
Corporate name or jurisdiction name as entry element United States
Form subdivision Constitution
Number of part/section/meeting 13th-14th Amendments.
610 10 - SUBJECT ADDED ENTRY--CORPORATE NAME
Corporate name or jurisdiction name as entry element United States.
Subordinate unit Congress.
-- Senate
General subdivision Election.
650 #0 - SUBJECT ADDED ENTRY--TOPICAL TERM
Topical term or geographic name as entry element Civil rights
Geographic subdivision United States.
650 #0 - SUBJECT ADDED ENTRY--TOPICAL TERM
Topical term or geographic name as entry element Constitutional amendments
Geographic subdivision United States
General subdivision History.
650 #0 - SUBJECT ADDED ENTRY--TOPICAL TERM
Topical term or geographic name as entry element Income tax
General subdivision Law and legislation
Geographic subdivision United States.
650 #0 - SUBJECT ADDED ENTRY--TOPICAL TERM
Topical term or geographic name as entry element Prohibition
Geographic subdivision United States.
650 #0 - SUBJECT ADDED ENTRY--TOPICAL TERM
Topical term or geographic name as entry element Slavery
General subdivision Law and legislation
Geographic subdivision United States.
655 #0 - INDEX TERM--GENRE/FORM
Genre/form data or focus term Educational films.
655 #0 - INDEX TERM--GENRE/FORM
Genre/form data or focus term Nonfiction films.
655 #0 - INDEX TERM--GENRE/FORM
Genre/form data or focus term Video recordings for the hearing impaired.
655 #4 - INDEX TERM--GENRE/FORM
Genre/form data or focus term DVD-Video discs.
700 1# - ADDED ENTRY--PERSONAL NAME
Personal name Babar, Jerry.
700 1# - ADDED ENTRY--PERSONAL NAME
Personal name Fabian, Rhonda.
700 1# - ADDED ENTRY--PERSONAL NAME
Personal name Myers, Aaron.
700 1# - ADDED ENTRY--PERSONAL NAME
Personal name Phelan, Jack.
700 1# - ADDED ENTRY--PERSONAL NAME
Personal name Shay, Gene.
710 2# - ADDED ENTRY--CORPORATE NAME
Corporate name or jurisdiction name as entry element Cambridge Educational (Firm)
710 2# - ADDED ENTRY--CORPORATE NAME
Corporate name or jurisdiction name as entry element Films for the Humanities & Sciences (Firm)
710 2# - ADDED ENTRY--CORPORATE NAME
Corporate name or jurisdiction name as entry element Films Media Group.

No items available.

African Court on Human and Peoples' Rights | For Inquiries Contact » +255 272 510 510